Zemiaky situačná a výhľadová správa - október 2001

Salvato in:
Dettagli Bibliografici
Altri autori: Tibenská, Helena
Natura: Libro
Lingua:slovacco
inglese
Pubblicazione: Bratislava Ministerstvo pôdohospodárstva SR 2001
Soggetti:
Tags: Aggiungi Tag
Nessun Tag, puoi essere il primo ad aggiungerne!!

MARC

LEADER 00000nam a2200000 4500
001 c130836
005 20221124104227.5
020 |a 80-8058-226-2 
041 0 |a slo 
041 0 |a eng 
044 |a SK 
245 1 0 |a Zemiaky  |b situačná a výhľadová správa - október 2001  |c Helena Tibenská 
264 1 |a Bratislava  |b Ministerstvo pôdohospodárstva SR  |c 2001 
300 |a 13 s. 
610 2 0 |a potravinárstvo 
610 2 0 |a potraviny 
610 2 0 |a poľnohospodárstvo 
610 2 0 |a pôdohospodárstvo 
610 2 0 |a zemiaky 
610 2 0 |a úroda 
610 2 0 |a spotreba 
610 2 0 |a ceny 
610 2 0 |a dovoz 
610 2 0 |a vývoz 
610 2 0 |a prognózy 
610 2 0 |a clá 
610 2 0 |a dotácie 
610 2 0 |a Európska únia 
610 2 0 |a Slovensko 
700 1 |a Tibenská, Helena